|
|
|
|
| LEADER |
00854nam a22002297a 4500 |
| 001 |
30520 |
| 003 |
BD-DhAAL |
| 005 |
20241117123831.0 |
| 008 |
150827s1997 bg ||||| |||| 00| 0 eng d |
| 040 |
|
|
|a BD-DhAAL
|c BD-DhAAL
|
| 082 |
|
|
|2 22
|a 307.1412095492
|
| 245 |
|
|
|a RDP IV :
|k Report to Donors,
|g (July-December 1996).
|
| 260 |
|
|
|a Dhaka :
|b BRAC,
|c 1997.
|
| 300 |
|
|
|a 33 pages :
|b illustrations ;
|c 28 cm.
|
| 541 |
|
|
|a RED, BRAC
|e 30520
|
| 610 |
|
|
|a BRAC
|9 14214
|
| 650 |
|
|
|a Rural development
|z Bangladesh.
|9 14215
|
| 710 |
|
|
|a BRAC
|9 14216
|
| 852 |
|
|
|a Ayesha Abed Library
|c BRAC Resource Section
|
| 942 |
|
|
|2 ddc
|c BK
|
| 999 |
|
|
|c 36226
|d 36226
|
| 952 |
|
|
|0 0
|1 0
|2 ddc
|4 0
|6 307_141209549200000_RDP
|7 1
|8 RPT
|9 56959
|a BRACUL
|b BRACUL
|c BRS
|d 2015-11-18
|e RED, BRAC
|l 0
|o 307.1412095492 RDP
|p 3010030520
|r 2015-11-18
|t 1
|w 2015-11-18
|y BK
|x RED, BRAC ; price not available in register
|